Dragon ball : Tous les personnages combattant de la saga Buu - Statistiques

Statistiques générales
  • Ce quiz a été pris 584 fois
  • Le résultat moyen est 13 sur 17
Statistiques - réponses
Force de combat Réponse % Correct
45.000.000 Buu (après toutes ses absorbtions)
99%
37.500.000 Goku
99%
34.000.000 Vegeta
99%
43.000.000 (max) Gohan Mystic
97%
13.000.000 Goten
95%
13.500.000 Trunks
95%
41.000.000 (max) Gotenks
91%
25.000.000 Piccolo
90%
49.000.000 Vegetto
89%
30.000.000 Dabura
78%
53 Satan
78%
27.000.000 Kaioshin
67%
12.000.000 C-18
59%
20.000.000 Kibito
54%
38.000.000 Majin Buu
51%
2.500.000 Tenshinhan
50%
40.000.000 Kid Buu
44%
Aucun quiz correspondant
Distribution des résultats
% des personnes avec chaque résultat
Percentile par nombre de réponses
Votre historique - résultats
Vous n’avez pas pris ce quiz